|
|
|
|
| LEADER |
00000nam0a2200000 4500 |
| 001 |
261690 |
| 005 |
20231101233603.0 |
| 010 |
|
|
|a 5247000498
|
| 035 |
|
|
|a (RuTPU)RU\TPU\book\284671
|
| 090 |
|
|
|a 261690
|
| 100 |
|
|
|a 20140526d1988 k y0rusy50 ca
|
| 101 |
0 |
|
|a rus
|
| 102 |
|
|
|a RU
|
| 105 |
|
|
|a a z 001zy
|
| 200 |
1 |
|
|a Сжигание газа в печах безокислительного и малоокислительного нагрева
|f В. И. Бербенев
|
| 210 |
|
|
|a Ленинград
|c Недра
|d 1988
|
| 215 |
|
|
|a 175 с.
|c ил.
|
| 225 |
1 |
|
|a Библиотека мастера газового хозяйства
|
| 320 |
|
|
|a Библиогр.: с. 171-173.
|
| 606 |
1 |
|
|a Нагревательные печи
|x Тепловые процессы
|2 stltpush
|3 (RuTPU)RU\TPU\subj\44737
|9 64017
|
| 610 |
1 |
|
|a газ
|
| 610 |
1 |
|
|a сжигание
|
| 610 |
1 |
|
|a печи
|
| 610 |
1 |
|
|a нагрев
|
| 610 |
1 |
|
|a безокислительный нагрев
|
| 610 |
1 |
|
|a топливо
|
| 610 |
1 |
|
|a печи
|
| 610 |
1 |
|
|a конструкции
|
| 610 |
1 |
|
|a рекуператоры
|
| 610 |
1 |
|
|a автоматизация
|
| 610 |
1 |
|
|a экономическая эффективность
|
| 675 |
|
|
|a 621.783.2
|v 3
|
| 700 |
|
1 |
|a Бербенев
|b В. И.
|g Вячеслав Иванович
|
| 801 |
|
1 |
|a RU
|b 63413507
|c 20140526
|
| 801 |
|
2 |
|a RU
|b 63413507
|c 20150326
|g RCR
|
| 942 |
|
|
|c BK
|